Fuga para órgano [Música manuscrita] / (Record no. 37209)

MARC details
000 -LEADER
campo de control de longitud fija 00728ndm a2200217 a 4500
001 - NÚMERO DE CONTROL
campo de control C00038060c
005 - FECHA Y HORA DE LA ÚLTIMA TRANSACCIÓN
campo de control 20241029145046.0
008 - DATOS DE LONGITUD FIJA--INFORMACIÓN GENERAL
campo de control de longitud fija 990628s1891 fga n spa d
080 ## - NÚMERO DE LA CLASIFICACIÓN DECIMAL UNIVERSAL
Número de la Clasificación Decimal Universal 786.6.083.28
100 1# - ENTRADA PRINCIPAL--NOMBRE DE PERSONA
Nombre de persona Busca de Sagastizábal, Ignacio (
Fechas asociadas al nombre 1868-1950)
9 (RLIN) 25063
245 10 - MENCIÓN DEL TÍTULO
Título Fuga para órgano [Música manuscrita] /
Mención de responsabilidad, etc. Ignacio Busca.
260 ## - PUBLICACIÓN, DISTRIBUCIÓN, ETC.
Fecha de publicación, distribución, etc. 1891.
300 ## - DESCRIPCIÓN FÍSICA
Extensión Partitura (12 p.) ;
Dimensiones 22 x 32 cm.
500 ## - NOTA GENERAL
Nota general Contiene: dos fugas y versos fáciles para órgano.
500 ## - NOTA GENERAL
Nota general Ms. a tinta en papel pautado horizontal de 12 pentagramas.
500 ## - NOTA GENERAL
Nota general Ded. autogr. del autor a Felipe Gorriti.
650 04 - PUNTO DE ACCESO ADICIONAL DE MATERIA--TÉRMINO DE MATERIA
Término de materia o nombre geográfico como elemento de entrada Cánones, Fugas, etc. (Órgano)
9 (RLIN) 7628
852 42 - LOCALIZACIÓN
Número de control de estantería FJIM-1909
Holdings
Estatus retirado Estado de pérdida Estado de daño No para préstamo Colección Biblioteca de origen Biblioteca actual Ubicación en estantería Fecha de adquisición Fuente de adquisición Total de préstamos Signatura topográfica completa Código de barras Visto por última vez Precio de reemplazo Tipo de ítem Koha
        Música Real Academia de la Bellas Artes de San Fernando Real Academia de la Bellas Artes de San Fernando Depósito 1 28/06/1999 D   FJIM-1909 1040265 15/10/2024 15/10/2024 Partitura antigua

Powered by Koha